Derecho internacional económico
Enregistré dans:
| Auteur principal: | |
|---|---|
| Format: | Livre |
| Langue: | espagnol |
| Publié: |
Ciudad de México
Fondo de Cultura Económica
1974
|
| Collection: | Lecturas, 10
|
| Sujets: | |
| Tags: |
Ajouter un tag
Pas de tags, Soyez le premier à ajouter un tag!
|
MARC
| LEADER | 00000nam a2200000 a 4500 | ||
|---|---|---|---|
| 001 | UCT9460 | ||
| 003 | CL-VaPUC | ||
| 008 | 970404e19740000MX |||||||||||||||||spa|d | ||
| 082 | 0 | 4 | |a 341.75 |b ORR |2 21 |
| 100 | |a Orrego Vicuña, Francisco |e autor |9 452093 | ||
| 245 | 1 | 0 | |a Derecho internacional económico |
| 300 | |a v | ||
| 942 | |c BK | ||
| 945 | |d 19970404 00:00:00 |a lriquelm | ||
| 260 | |a Ciudad de México |b Fondo de Cultura Económica |c 1974 | ||
| 500 | |a v.2: Las nuevas estructuras del comercio internacional: una perspectiva latinoamericana | ||
| 650 | 0 | |a Derecho económico internacional |9 256191 | |
| 650 | 7 | |a COMERCIO INTERNACIONAL |2 CL-VaPUC |9 382159 | |
| 650 | 0 | |a Relaciones Internacionales |9 255740 | |
| 650 | 0 | |a Derecho internacional |9 255637 | |
| 650 | 0 | |a Integración económica |9 255024 | |
| 650 | 0 | |a Cooperación internacional |9 255447 | |
| 650 | 0 | |a Tratados internacionales |9 256056 | |
| 583 | |a last modification |c 19970404 00:00:00 |k Rodrigo Vera | ||
| 490 | 0 | |a Lecturas, 10 | |
| 999 | |c 257861 |d 257859 | ||
| 952 | |0 0 |1 0 |4 0 |6 341_750000000000000_ORR_1974 |7 0 |8 A |9 281551 |a BIBDER |b BIBDER |d 2019-11-19 |h v.2 |i 1826247 |l 2 |o 341.75 ORR 1974 |p 1826247 |r 2023-01-25 |s 2021-06-17 |w 2019-11-19 |y BK |k DER | ||